000 00382nam a2200133Ia 4500
005 20260328104331.0
008 260328s9999||||xx |||||||||||||| ||und||
100 _aDa Costa Brada, Andrea
245 0 _aGuia de Urbanismo Arquitetura e Arte de Brasilia /
_cAndrea Da Costa Brada
260 _bSecretaria de Cultura e Esporte
300 _a106 p.
650 _aURBANISMO
942 _cBK
999 _c11701
_d11701